| 000 | 00641nam a2200265Ia 4500 | ||
|---|---|---|---|
| 008 | 210210b2012 xxu||||| |||| 00| 0 eng d | ||
| 020 | _a9788180698743 | ||
| 041 | _aeng | ||
| 082 | _a343.071 MISC | ||
| 100 | _aMISRA (Suresh) | ||
| 245 | _aConsumer protection in India: policies and case studies | ||
| 260 |
_aNew Delhi _bConcept Publishing Company _c2012 |
||
| 300 | _axx, 324 | ||
| 650 | _astudies | ||
| 650 | _aprotection | ||
| 650 | _apolicies | ||
| 650 | _aIndia: | ||
| 650 | _ain | ||
| 650 | _aConsumer | ||
| 650 | _acase | ||
| 650 | _aand | ||
| 690 | _aConsumerism | ||
| 700 | _aCHADAH (Sapna) | ||
| 906 | _a067661 | ||
| 999 |
_c150832 _d150832 |
||